02270cam a22003255a 45000010009000000050017000090080041000260100017000670200015000840200018000990400029001170420008001460820019001541000031001732450083002042600053002873000025003405000024003655040031003895201071004206500045014916500034015366510010015706530021015806500031016019420023016329990017016559520140016729520132018121812419320160727123739.0140422s2014 enk frb 001 0 eng d a 2014014931 a1107607418 a9781107607415 aDLCbengcDLCdEG-ScBUE  apcc04a321.8bGOU2221 aGould, Carol C.‏ 94041110aInteractive democracy :bthe social roots of global justice /cCarol C. Gould. aCambridge : bCambridge University Press,c2014. axi, 294 p. ;c24 cm. aIndex : p. 285-294. aBibliography : p. 270-284. a"Democracy in the 21st century has failed to live up to its promise. It is widely noted that democratic governments have grown increasingly detached from the governed and incapable of standing up to the powerful economic interests that tend to dominate everyday life. Indeed, these interests have come to permeate politics itself, appearing to render "rule by the people" a bare ideal, seemingly remote and out of reach. Pervasive and persistent inequalities mark contemporary economies, which, though they may produce a wide range of goods and make effective use of new technologies, nonetheless fail to provide many with adequate livelihoods or dignified conditions of work. Even in societies where multiple sources of gratification and fulfillment are available, the limits of the "private sphere" and the informal contexts of interpersonal relationships leave many people dissatisfied and disempowered, whether because of their inability to realize their goals or develop their capacities, or in virtue of residual forms of oppression, racism, and group hatreds" 7aDemocracy2BUEsh940412xSocial aspects. 7aSocial Justice.2BUEsh910427 2BUEsh bLLAAWWcJuly2016 7911033aHuman rights2BUEsh 2ddce22k321.8 GOU c22012d21984 00102ddc40708BaccahaMAINbMAINc1STd2016-07-24ePurchaseg540.00h26080l0o321.8 GOUp000032933r2025-07-15 00:00:00v675.00yBB 00102ddc4070aMAINbMAINc1STd2016-07-24ePurchaseg540.00h26080l0o321.8 GOUp000032932r2025-07-15 00:00:00v675.00yBB